000
00303nam a2200121Ia 4500
008
230907s9999||||xx |||||||||||||| ||und||
082
_a
891.4393
_b
ALI
245
0
_a
بیلا ; Bela /
260
_a
Ali Mian Publications,
_b
Lahore :
_c
2017
300
_a
216 p.
650
_a
Urdu Literature
942
_c
BK
999
_c
601228
_d
601228